Diputación Provincial de Barcelona = Provincial Deputation in Barcelona / [texto por el doctor Ignacio Rubio y Cambronero]
MARC
| LEADER | 00000nam a2200000Ia 4500 | ||
|---|---|---|---|
| 001 | 14934 | ||
| 008 | 160829s9999 xx 000 0 cat d | ||
| 080 | |a FU-32-29 | ||
| 100 | 1 | |a Rubio y Cambronero, Ignacio, |d 1895-1973 |9 54602 | |
| 245 | |a Diputación Provincial de Barcelona = Provincial Deputation in Barcelona / [texto por el doctor Ignacio Rubio y Cambronero] | ||
| 250 | |a English ed. | ||
| 260 | |a [Barcelona] : |b Diputación Provincial de Barcelona, Comisión de Turismo, DL 1972 | ||
| 300 | |a [7] p. : |b il. col. ; |c 22 cm | ||
| 590 | |a Existeix una edició en francès, castellà i alemany | ||
| 610 | 0 | |a Barcelona (Catalunya : Província). |b Diputació |x Història |9 10583 | |
| 610 | 2 | 0 | |a Palau de la Generalitat de Catalunya |x Història |9 54640 |
| 610 | 1 | 0 | |a Barcelona (Catalunya : Província). |b Diputació |x Edificis |9 54574 |
| 650 | |a Palau de la Generalitat de Catalunya |x Edificis |9 32790 | ||
| 710 | 1 | |a Barcelona (Catalunya : Província). |b Comissió de Turisme |9 54952 | |
| 901 | |a Arxiu | ||
| 942 | |n 1 | ||
| 952 | |0 0 |1 0 |4 0 |6 FU3229 |7 1 |9 45517 |a Arxiu |b Arxiu |d 2016-12-01 |l 0 |o FU-32-29 |p 14934 |r 2016-12-01 00:00:00 |w 2016-12-01 |y ARXIU | ||
| 999 | |c 48682 |d 48682 | ||